00722nam a22001817a 4500040001600000082001700016110004500033240013500078245013600213250001000349260003500359300001100394650002300405690002800428942001300456952005600469999001500525 aISFD N° 12 a342.02bCON. aConstitución de la Nación Argentina. aConstitución de la Nación Argentina: Incluye los tratados internacionales de derechos humanos con jerarquía constitucional.  aConstitución de la Nación Argentinab Incluye los tratados internacionales de derechos humanos con jerarquía constitucional.  a1 ed. aBuenos Aires.bInfojus.c2013. a264 p. aCiencias Sociales. aDerecho Constitucional. 2ddccLIB 00102ddc40aIFD12bIFD12oCON 342.02p014310yLIB c7198d7198